Forman

Hlavní autor: Vašák, Emanuel, 1818-1891
Jazyk: Čeština
Vydáno: [1890?]
Témata:
Externí odkaz: Digitalizovaný dokument (klikněte pro zobrazení)
Zobrazení hudebního incipitu
Digitalizovaný dokument
Fyzický popis: 1 rkp partitura [1 s.] ; 32 cm
Hudebniny Hudebniny
Uloženo v:
LEADER 01401ndm a2200337 a 4500
001 000959676
003 CZ BrMZK
005 20230828114819.0
007 qu
008 090805s1890 xx ptd f cze d
031 |a 01  |b 01  |c 01  |d Allegro  |m T1  |g G2  |n bBE  |o 3/4  |p ''4DxCD/EDC/'2B4-/''DC'B  |r g  |t Formane, formane  |2 pe 
040 |a BOA001  |b cze 
048 |a cc04 
072 7 |a 784  |x Vokální hudba  |2 Konspekt  |9 9 
080 |a 78.087.683  |2 MRF 
080 |a 78.089.6.087.6  |2 MRF 
080 |a (0.032)78  |2 MRF 
100 1 |a Vašák, Emanuel,  |d 1818-1891  |7 jk01141644  |4 cmp 
245 1 0 |a Forman  |h [rukopis] /  |c Vašák 
260 |c [1890?] 
300 |a 1 rkp partitura [1 s.] ;  |c 32 cm 
650 0 7 |a mužské sbory  |7 ph260644  |2 czenas 
655 7 |a vokální partitury  |7 fd201980  |2 czenas 
655 7 |a hudební rukopisy  |7 fd278469  |2 czenas 
856 4 1 |u https://imageserver.mzk.cz/mzk01/000/959/676/2619310054  |y Digitalizovaný dokument (klikněte pro zobrazení) 
856 4 1 |u http://audioserver.mzk.cz/incipity/png/000959676-010101.png  |y Zobrazení hudebního incipitu 
856 4 1 |u http://www.digitalniknihovna.cz/mzk/view/uuid:6e3c8262-b33b-4772-b473-4c5f3e8d23b8  |y Digitalizovaný dokument 
910 |a BOA001  |b RKPMus-0623.540 
990 |a MU 
991 |b 200908 
996 6 |b 2619310054  |c RKPMus-0623.540  |l Stud. starých tisků/4.patro  |r Sklad / do násl. otevíracího dne  |n 0  |w 001092772  |x 9  |u 000010  |a 1  |e BOA001  |j MZK50  |s P